Представление документа в формате MARC21

Поле Инд. ПП Название Значение
Тип записи a
Библиографический уровень m
001 Контрольный номер bc13260c-909b-4314-a365-fd78b4aa71c1
005 Дата корректировки 20140225160804.7
008 Кодируемые данные 010710s1982 rur a 000u 0rus d
020 a ISBN В пер.
c Цена, тираж 10.10
040 a Служба первич. каталог. RU-RKP
a Служба первич. каталог. НБ ТвГУ
041 a Код языка текста rus
080 a Индекс УДК 75.03(470)
084 a Индекс другой классификации/Индекс ББК Щ143(2Рос=411.2)5
090 a Полочн. индекс 75С1
x Авторский знак А47
100 1_ a Автор Алексеева Татьяна Васильевна
q Полное имя Алексеева Т. В.
245 00 a Заглавие Художники школы Венецианова
250 a Основные сведения об издании 2-е изд., перераб. и доп.
260 0_ a Место издания Москва
b Издательство Искусство
c Дата издания 1982
300 a Объем 419 с.
b Иллюстрации/ тип воспроизводства ил., в футл.
c Размеры 24 см
500 a Примечание Рез. англ.
504 a Библиография Имен. указ.: с. 408-415
650 a Основная рубрика Русская живопись
x Основная подрубрика 19 в.
650 a Основная рубрика Венециановская школа
650 a Основная рубрика Венецианов, Алексей Гаврилович, о нем
653 a Ключевые слова 19 в.
a Ключевые слова Венециановская школа
a Ключевые слова Живопись
a Ключевые слова Изобразительное искусство
a Ключевые слова Искусство
a Ключевые слова История живописи
a Ключевые слова Русская живопись
a Ключевые слова Русские художники
a Ключевые слова Художники
901 t Тип документа m
952 c Вид литературы К рн